[Event "Turkey Cup 2019"]
[Site "Belek"]
[Date "2019.02.03"]
[Round "11.57"]
[White "Demir, Zeki"]
[Black "Yalcindag, Hakan"]
[Result "1-0"]
[WhiteElo "1805"]
[BlackElo "1417"]
[Annotator "NA"]
[PlyCount "157"]
[EventDate "2019.01.27"]
[EventType "swiss"]
[EventCountry "TUR"]
[SourceTitle "playchess.com"]
[Source "ChessBase"]
[SourceQuality "1"]

1. d4 Nf6 2. c4 e6 3. Nc3 d5 4. cxd5 exd5 5. Bg5 Be7 6. Qc2 c6 7. e3 a5 8. Bd3 Na6 9. a3 Nc7 10. Nf3 h6 11. Bh4 O-O 12. O-O Ne6 13. Ne5 Nd7 14. Bg3 Nxe5 15. Bxe5 c5 16. dxc5 Nxc5 17. Bh7+ Kh8 18. Rfd1 Be6 19. Rac1 Nd7 20. Bd4 Rc8 21. Be5 Ra8 22. Bd4 Rc8 23. Bd3 Bf6 24. Bb5 Bxd4 25. Rxd4 Nf6 26. Rcd1 Qb6 27. Qd3 Rc5 28. a4 Rfc8 29. h4 Qc7 30. Qe2 Qe5 31. Qf3 h5 32. R1d2 g6 33. Bd3 Bg4 34. Qf4 Qxf4 35. Rxf4 Kg7 36. f3 Be6 37. Kf2 Nd7 38. Bb5 Nb6 39. Rfd4 Nc4 40. Bxc4 Rxc4 41. Kg3 Rxd4 42. Rxd4 Rc4 43. Kf4 Rxd4+ 44. exd4 f6 45. g4 Kf7 46. g5 Ke7 47. Nb5 fxg5+ 48. Kxg5 Bf5 49. Nc3 Kd6 50. Kf6 Bd3 51. f4 Be4 52. Nb5+ Kc6 53. Ke5 Bf3 54. Nc3 Bg2 55. Ke6 Bf3 56. Kf6 Be4 57. Ke6 Bf3 58. Ke5 Bg2 59. Nd1 Be4 60. Ne3 Bf3 61. f5 gxf5 62. Nxf5 Kd7 63. Kf4 Bd1 64. Ke5 Bxa4 65. Kxd5 b6 66. Nd6 Bb3+ 67. Ke5 a4 68. Ne4 Kc6 69. Nf6 Bf7 70. d5+ Kc7 71. d6+ Kd8 72. Kd4 Kc8 73. Kc3 b5 74. Kb4 Bc4 75. Nxh5 Kd7 76. Kc5 Bd3 77. Nf6+ Ke6 78. Nd5 Bg6 79. Nf4+ 1-0

[Event "Turkey Cup 2019"]
[Site "Belek"]
[Date "2019.02.03"]
[Round "11.58"]
[White "Gungor, Cihan Akif"]
[Black "Demir, Hilmi Mustafa"]
[Result "0-1"]
[WhiteElo "1588"]
[BlackElo "1809"]
[Annotator "NA"]
[PlyCount "58"]
[EventDate "2019.01.27"]
[EventType "swiss"]
[EventCountry "TUR"]
[SourceTitle "playchess.com"]
[Source "ChessBase"]
[SourceQuality "1"]

1. e4 e5 2. d4 exd4 3. Nf3 Nc6 4. Bc4 Nf6 5. O-O Nxe4 6. Re1 d5 7. Bxd5 Qxd5 8. Nc3 Qd7 9. Nxe4 Be7 10. Bg5 O-O 11. Bxe7 Qxe7 12. Nxd4 Bd7 13. Nb5 Rad8 14. Qh5 Ne5 15. Nec3 f6 16. Nxc7 Bc6 17. f4 Rd2 18. Re2 Rxe2 19. Qxe2 Qxc7 20. fxe5 Qb6+ 21. Kh1 Qxb2 22. Qc4+ Kh8 23. Rg1 fxe5 24. Qc5 Rg8 25. Qxe5 Qxc2 26. Nd5 Qc5 27. Rd1 Re8 28. Qh5 g6 29. Qh6 Qxd5 0-1

[Event "Turkey Cup 2019"]
[Site "Belek"]
[Date "2019.02.03"]
[Round "11.59"]
[White "Baylav, Bartu"]
[Black "Alagoz, Mahmut"]
[Result "0-1"]
[WhiteElo "1784"]
[BlackElo "1707"]
[Annotator "NA"]
[PlyCount "102"]
[EventDate "2019.01.27"]
[EventType "swiss"]
[EventCountry "TUR"]
[SourceTitle "playchess.com"]
[Source "ChessBase"]
[SourceQuality "1"]

1. d4 d5 2. c4 c6 3. Nf3 Nf6 4. Nc3 a6 5. cxd5 cxd5 6. Bg5 Nbd7 7. e3 e6 8. Bd3 Bd6 9. O-O h6 10. Bh4 O-O 11. Qe2 Qa5 12. a3 b5 13. b4 Qb6 14. e4 dxe4 15. Nxe4 Nd5 16. Bg3 Bxg3 17. hxg3 Bb7 18. Nc5 Rfd8 19. Rac1 N5f6 20. Rfd1 Bd5 21. Ne5 Nxc5 22. dxc5 Qc7 23. Ng4 Nxg4 24. Qxg4 Qc6 25. Bf1 Rd7 26. Rc3 Bf3 27. gxf3 Rxd1 28. f4 Rad8 29. Qf3 Qxf3 30. Rxf3 Rc1 31. Kg2 Rdd1 32. Bd3 Rg1+ 33. Kh3 Rh1+ 34. Kg4 f5+ 35. Bxf5 exf5+ 36. Kxf5 Kf7 37. Rd3 Rhd1 38. Re3 Re1 39. Rd3 g6+ 40. Kg4 Red1 41. Re3 h5+ 42. Kg5 Rd5+ 43. Kh6 h4 44. g4 Rc4 45. Rf3 h3 46. Rxh3 Rxf4 47. c6 Rc4 48. Rf3+ Ke6 49. g5 Rf5 50. Re3+ Kf7 51. Rd3 Rh4# 0-1

[Event "Turkey Cup 2019"]
[Site "Belek"]
[Date "2019.02.03"]
[Round "11.61"]
[White "Kaplan, Cem Azad"]
[Black "Bulut, Muhammed"]
[Result "0-1"]
[WhiteElo "1602"]
[BlackElo "1731"]
[Annotator "NA"]
[PlyCount "26"]
[EventDate "2019.01.27"]
[EventType "swiss"]
[EventCountry "TUR"]
[SourceTitle "playchess.com"]
[Source "ChessBase"]
[SourceQuality "1"]

1. e4 d5 2. exd5 Nf6 3. Nf3 Bg4 4. Be2 Qxd5 5. Nc3 Qh5 6. d4 Nc6 7. Qd3 O-O-O 8. Be3 e5 9. O-O-O exd4 10. Nxd4 Nxd4 11. Bxd4 Bc5 12. f3 Rxd4 13. fxg4 Qg5+ 0-1

[Event "Turkey Cup 2019"]
[Site "Belek"]
[Date "2019.02.03"]
[Round "11.62"]
[White "Kervancioglu, Talu"]
[Black "Canbulan, Arda"]
[Result "0-1"]
[WhiteElo "1535"]
[BlackElo "1884"]
[Annotator "NA"]
[PlyCount "82"]
[EventDate "2019.01.27"]
[EventType "swiss"]
[EventCountry "TUR"]
[SourceTitle "playchess.com"]
[Source "ChessBase"]
[SourceQuality "1"]

1. e4 e5 2. Nf3 Nc6 3. Bb5 f5 4. d4 fxe4 5. Nxe5 Qf6 6. Nc3 Bb4 7. O-O Bxc3 8. Bxc6 bxc6 9. bxc3 Ne7 10. Qh5+ g6 11. Qg5 Qf5 12. g4 Qe6 13. Re1 h6 14. Qh4 d6 15. Rxe4 Rh7 16. Ba3 dxe5 17. Rxe5 Qxg4+ 18. Qxg4 Bxg4 19. Rae1 O-O-O 20. Rxe7 Rxe7 21. Rxe7 Bf5 22. Bc5 Kb7 23. Re2 Bg4 24. Re1 Bf3 25. Re6 Rg8 26. Re7 Rd8 27. Re1 Rd5 28. h4 Rh5 29. Be7 g5 30. Re3 Bd5 31. Rh3 Bxa2 32. Kh2 Be6 33. Re3 Rxh4+ 34. Kg3 Bd5 35. f3 Rh1 36. Re5 Rc1 37. Bf8 Rxc2 38. Bxh6 Rxc3 39. Bxg5 Rxf3+ 40. Kg4 Rd3 41. Be3 a5 0-1

[Event "Turkey Cup 2019"]
[Site "Belek"]
[Date "2019.02.03"]
[Round "11.63"]
[White "Caglar, Mehmet Halil"]
[Black "Sakalli, Mustafa"]
[Result "0-1"]
[WhiteElo "1666"]
[BlackElo "1955"]
[Annotator "NA"]
[PlyCount "74"]
[EventDate "2019.01.27"]
[EventType "swiss"]
[EventCountry "TUR"]
[SourceTitle "playchess.com"]
[Source "ChessBase"]
[SourceQuality "1"]

1. b3 a5 2. a3 Nf6 3. Bb2 d5 4. e3 g6 5. Nf3 Bg7 6. Be2 O-O 7. O-O Nbd7 8. d3 c6 9. Nbd2 Qc7 10. c4 e5 11. Rc1 e4 12. dxe4 dxe4 13. Nd4 Re8 14. c5 Ne5 15. Nc4 Nxc4 16. Bxc4 Ng4 17. g3 Ne5 18. Be2 h5 19. Qc2 Ng4 20. Rfe1 Nf6 21. Bf1 Bg4 22. h3 Bd7 23. Bg2 Qc8 24. Kh2 h4 25. Ne2 Nd5 26. Bxg7 Kxg7 27. Bxe4 hxg3+ 28. Nxg3 Rh8 29. Rh1 Bxh3 30. Qb2+ f6 31. Kg1 Qg4 32. Bg2 Nxe3 33. Be4 Rae8 34. Qd4 Nd5 35. Re1 Re7 36. Rd1 Rxe4 37. Qd3 Re3 0-1

[Event "Turkey Cup 2019"]
[Site "Belek"]
[Date "2019.02.03"]
[Round "11.64"]
[White "Ocakacan, Deniz"]
[Black "Aslan, Onat Ugur"]
[Result "1-0"]
[WhiteElo "1679"]
[BlackElo "1812"]
[Annotator "NA"]
[PlyCount "57"]
[EventDate "2019.01.27"]
[EventType "swiss"]
[EventCountry "TUR"]
[SourceTitle "playchess.com"]
[Source "ChessBase"]
[SourceQuality "1"]

1. e4 c6 2. d4 d5 3. exd5 cxd5 4. c4 Nf6 5. Nc3 e6 6. Nf3 a6 7. Bg5 dxc4 8. Bxc4 b5 9. Bb3 Be7 10. O-O O-O 11. Qd3 Nbd7 12. Rad1 Bb7 13. a3 Nb6 14. Bc2 g6 15. Ne5 Nfd5 16. Bh6 Nxc3 17. bxc3 Qd5 18. Qg3 Rfe8 19. Rfe1 Bh4 20. Qh3 Qd8 21. Qg4 Bf6 22. Rd3 Bg7 23. Rh3 Ra7 24. Bxg7 Kxg7 25. Nxf7 Qf6 26. Ng5 h5 27. Nxe6+ Kh6 28. Bxg6 Qxg6 29. Rxh5+ 1-0

[Event "Turkey Cup 2019"]
[Site "Belek"]
[Date "2019.02.03"]
[Round "11.65"]
[White "Tahaoglu, Erkin"]
[Black "Bek, Emir"]
[Result "0-1"]
[WhiteElo "1714"]
[BlackElo "1844"]
[Annotator "NA"]
[PlyCount "40"]
[EventDate "2019.01.27"]
[EventType "swiss"]
[EventCountry "TUR"]
[SourceTitle "playchess.com"]
[Source "ChessBase"]
[SourceQuality "1"]

1. d4 d6 2. e4 g6 3. Nc3 Bg7 4. Bf4 Nf6 5. Qd2 h5 6. Bc4 c6 7. Bb3 b5 8. f3 a5 9. a4 b4 10. Nce2 Nbd7 11. e5 Nd5 12. Bxd5 cxd5 13. exd6 e6 14. Nc1 Ba6 15. Nge2 Qb6 16. Nb3 Rc8 17. Be3 Qxd6 18. O-O Qc7 19. Rfc1 Bc4 20. Nc5 Nxc5 0-1

[Event "Turkey Cup 2019"]
[Site "Belek"]
[Date "2019.02.03"]
[Round "11.66"]
[White "Yilmaz, Cumhur"]
[Black "Kilic, Cihan"]
[Result "0-1"]
[WhiteElo "1676"]
[BlackElo "1886"]
[Annotator "NA"]
[PlyCount "100"]
[EventDate "2019.01.27"]
[EventType "swiss"]
[EventCountry "TUR"]
[SourceTitle "playchess.com"]
[Source "ChessBase"]
[SourceQuality "1"]

1. d4 Nf6 2. Nf3 e6 3. Bg5 d5 4. e3 Nbd7 5. Nbd2 b6 6. Bb5 Be7 7. Ne5 O-O 8. Nc6 Qe8 9. Ne5 Ne4 10. Nxe4 dxe4 11. Bf4 Bd6 12. Bc6 Rb8 13. Bxe4 Bxe5 14. dxe5 Qe7 15. c3 Rd8 16. Qh5 h6 17. O-O Nc5 18. Bc6 Nd3 19. b4 Bb7 20. Bxb7 Rxb7 21. Bg3 Qd7 22. Rfd1 c5 23. Qg4 Qb5 24. a4 Qe8 25. Ra2 Rbd7 26. Rad2 cxb4 27. cxb4 Rd5 28. Bh4 Nxe5 29. Rxd5 Rxd5 30. Rxd5 exd5 31. Qd1 Qc6 32. Bg3 Nc4 33. h3 Nb2 34. b5 Qc4 35. Qd4 Nxa4 36. Bb8 Qxb5 37. Bxa7 Qc6 38. Qb4 Qc1+ 39. Kh2 Qc7+ 40. g3 Qxa7 41. f4 Nc5 42. Qb5 Kh7 43. Qc6 Qa2+ 44. Kh1 Qb1+ 45. Kg2 Qc2+ 46. Kf3 Qd1+ 47. Kg2 Qe2+ 48. Kh1 Qf1+ 49. Kh2 Qf2+ 50. Kh1 Ne4 0-1

[Event "Turkey Cup 2019"]
[Site "Belek"]
[Date "2019.02.03"]
[Round "11.67"]
[White "Araboga, Nizamettin"]
[Black "Gundogan, Sinem Cagla"]
[Result "1-0"]
[WhiteElo "1670"]
[BlackElo "1860"]
[Annotator "NA"]
[PlyCount "99"]
[EventDate "2019.01.27"]
[EventType "swiss"]
[EventCountry "TUR"]
[SourceTitle "playchess.com"]
[Source "ChessBase"]
[SourceQuality "1"]

1. Nf3 d5 2. d4 Nf6 3. c4 c6 4. Nc3 dxc4 5. e4 b5 6. Qc2 e6 7. Be2 Be7 8. O-O O-O 9. Be3 a5 10. a3 Ba6 11. Rfd1 b4 12. axb4 axb4 13. e5 Nd5 14. Ne4 b3 15. Qc1 Nb4 16. Ra4 Na2 17. Qd2 Bb4 18. Rxb4 Nxb4 19. Qxb4 Bb5 20. Qc3 Qa5 21. Qc1 Qa2 22. Nc3 Qa6 23. h4 Nd7 24. h5 f5 25. exf6 Nxf6 26. Ng5 Qc8 27. Bf3 Ra5 28. Qd2 Ba6 29. Nge4 Nxh5 30. Qe2 Nf6 31. Nc5 Bb5 32. Bd2 Ra7 33. Bg5 Nd5 34. Bd2 Nxc3 35. Bxc3 Qa8 36. Qxe6+ Kh8 37. d5 Re8 38. Qg4 cxd5 39. Rxd5 Bc6 40. Rd7 Rxd7 41. Nxd7 Re7 42. Bxc6 Qxc6 43. Ne5 Qc5 44. Nxc4 Rc7 45. Ne3 Qa7 46. Qe6 Qb8 47. Qe5 Qd8 48. g3 Re7 49. Qg5 Kg8 50. Bf6 1-0

[Event "Turkey Cup 2019"]
[Site "Belek"]
[Date "2019.02.03"]
[Round "11.68"]
[White "Temel, Mustafa"]
[Black "Nazli, Sertan"]
[Result "0-1"]
[WhiteElo "1621"]
[BlackElo "1811"]
[Annotator "NA"]
[PlyCount "76"]
[EventDate "2019.01.27"]
[EventType "swiss"]
[EventCountry "TUR"]
[SourceTitle "playchess.com"]
[Source "ChessBase"]
[SourceQuality "1"]

1. e4 e5 2. Nf3 Nc6 3. Bb5 a6 4. Ba4 Nf6 5. O-O Be7 6. Re1 b5 7. Bb3 O-O 8. c3 d5 9. exd5 Nxd5 10. d4 exd4 11. Bxd5 Qxd5 12. Nxd4 Bc5 13. Qf3 Qxf3 14. Nxf3 Bg4 15. Be3 Bd6 16. Nbd2 Rfe8 17. h3 Be6 18. Ne4 Bf8 19. Bc5 Bd5 20. Nfd2 Rad8 21. b4 a5 22. Bxf8 Kxf8 23. a3 a4 24. f3 Ne5 25. Re3 Bxe4 26. Nxe4 Nc4 27. Ree1 Rd3 28. Nc5 Rde3 29. Rxe3 Rxe3 30. Rd1 g6 31. Ne4 Nxa3 32. Kf2 Nc4 33. Rd4 a3 34. Rd8+ Ke7 35. Ra8 f5 36. Ng5 h6 37. Nh7 Rxc3 38. Nf8 Nb6 0-1

[Event "Turkey Cup 2019"]
[Site "Belek"]
[Date "2019.02.03"]
[Round "11.69"]
[White "Lale, Omer Faruk"]
[Black "Ince, Taylan Ruzgar"]
[Result "0-1"]
[WhiteElo "1829"]
[BlackElo "1544"]
[Annotator "NA"]
[PlyCount "68"]
[EventDate "2019.01.27"]
[EventType "swiss"]
[EventCountry "TUR"]
[SourceTitle "playchess.com"]
[Source "ChessBase"]
[SourceQuality "1"]

1. e4 e6 2. d4 d5 3. Nc3 Bb4 4. e5 c5 5. a3 Bxc3+ 6. bxc3 Ne7 7. Bd3 Nbc6 8. Qg4 c4 9. Be2 O-O 10. f4 Qa5 11. Bd2 Qa4 12. Bd1 Qb5 13. Bc1 Qa5 14. Ne2 Bd7 15. O-O f6 16. Rb1 fxe5 17. fxe5 Rxf1+ 18. Kxf1 Rf8+ 19. Kg1 Bc8 20. h4 Nf5 21. h5 Kh8 22. Qh3 Ncxd4 23. Nf4 Kg8 24. Bg4 Nc6 25. h6 g6 26. Bd2 Nxe5 27. Re1 Qc5+ 28. Kh2 Nxg4+ 29. Qxg4 Qd6 30. g3 e5 31. Ng2 Nd4 32. Qd1 Nf3+ 33. Kh1 Qd7 34. Nf4 Rxf4 0-1

[Event "Turkey Cup 2019"]
[Site "Belek"]
[Date "2019.02.03"]
[Round "11.71"]
[White "Aydogdu, Selcan Ayberk"]
[Black "Ozcan, Kadir Kutay"]
[Result "0-1"]
[WhiteElo "1631"]
[BlackElo "1794"]
[Annotator "NA"]
[PlyCount "102"]
[EventDate "2019.01.27"]
[EventType "swiss"]
[EventCountry "TUR"]
[SourceTitle "playchess.com"]
[Source "ChessBase"]
[SourceQuality "1"]

1. d4 c6 2. Nf3 Nf6 3. c3 d5 4. Bf4 e6 5. Nbd2 Bd6 6. Bg3 O-O 7. e3 b6 8. Bd3 Ba6 9. Qe2 Bxd3 10. Qxd3 c5 11. Ne5 Bxe5 12. dxe5 Nfd7 13. b3 Nc6 14. f4 f6 15. exf6 Qxf6 16. O-O Qf5 17. e4 Qh5 18. f5 c4 19. bxc4 Nc5 20. Qe3 dxe4 21. Nxe4 Rxf5 22. Nxc5 Rxf1+ 23. Rxf1 Qxc5 24. Qxc5 bxc5 25. Bd6 Na5 26. Bxc5 Nxc4 27. Rb1 a5 28. Re1 Rc8 29. Bd4 Kf7 30. Kf2 Rb8 31. Re2 Rb5 32. Kf3 e5 33. Bf2 Ke6 34. g4 a4 35. Ke4 Rd5 36. Bg3 Nd2+ 37. Ke3 Nf1+ 38. Ke4 Nd2+ 39. Ke3 Nc4+ 40. Ke4 a3 41. h4 g6 42. Be1 Rd1 43. Bf2 Nd6+ 44. Ke3 Kd5 45. Rc2 Nc4+ 46. Ke2 Rb1 47. Kd3 e4+ 48. Ke2 Rb2 49. Kd1 e3 50. Bg3 Ke4 51. h5 Kd3 0-1

[Event "Turkey Cup 2019"]
[Site "Belek"]
[Date "2019.02.03"]
[Round "11.72"]
[White "Turan, Seyithan"]
[Black "Saltik, Suleyman"]
[Result "0-1"]
[WhiteElo "1746"]
[BlackElo "1560"]
[Annotator "NA"]
[PlyCount "81"]
[EventDate "2019.01.27"]
[EventType "swiss"]
[EventCountry "TUR"]
[SourceTitle "playchess.com"]
[Source "ChessBase"]
[SourceQuality "1"]

1. e4 c5 2. d4 cxd4 3. c3 dxc3 4. Nxc3 e6 5. Nf3 Nc6 6. Bc4 Bb4 7. O-O a6 8. Qe2 b5 9. Bb3 Bb7 10. Rd1 Nge7 11. Bf4 Na5 12. Bc2 Nc4 13. Bd3 Rc8 14. Rac1 d5 15. exd5 Nxd5 16. Nxd5 Bxd5 17. b3 Nd6 18. Bxd6 Rxc1 19. Bxb4 Rxd1+ 20. Qxd1 f6 21. Nh4 Qc7 22. Qh5+ Kd8 23. Qd1 Kc8 24. h3 Qf4 25. Qg4 Qxg4 26. hxg4 Kd7 27. Nf3 Rc8 28. Kf1 Rc1+ 29. Ke2 Ra1 30. a3 Bxb3 31. Bxh7 Bd5 32. g3 a5 33. Bf8 Ra2+ 34. Ke3 b4 35. axb4 Ra3+ 36. Bd3 Bxf3 37. bxa5 Rb3 38. Bxg7 Bxg4 39. Kd4 e5+ 40. Ke4 f5+ 41. Ke3 0-1

[Event "Turkey Cup 2019"]
[Site "Belek"]
[Date "2019.02.03"]
[Round "11.73"]
[White "Ertekin, Ramazan"]
[Black "Kaya, Mehmet Roni"]
[Result "1-0"]
[WhiteElo "1738"]
[BlackElo "1632"]
[Annotator "NA"]
[PlyCount "109"]
[EventDate "2019.01.27"]
[EventType "swiss"]
[EventCountry "TUR"]
[SourceTitle "playchess.com"]
[Source "ChessBase"]
[SourceQuality "1"]

1. e4 e5 2. Nf3 Nf6 3. Nxe5 Qe7 4. Nf3 Qxe4+ 5. Qe2 Nc6 6. Nc3 Qxe2+ 7. Bxe2 Bc5 8. O-O O-O 9. Na4 Be7 10. d4 d5 11. Bf4 Bf5 12. c3 Rac8 13. h3 b6 14. Ba6 Rcd8 15. Bxc7 Rd7 16. Bf4 Bd6 17. Bxd6 Rxd6 18. b3 Ne4 19. Rac1 Rf6 20. Ne5 Nxe5 21. dxe5 Rg6 22. Kh2 f6 23. f3 Ng3 24. Rfe1 Nh5 25. g4 Nf4 26. Kg3 fxe5 27. Rxe5 Bd3 28. Bb7 Ne2+ 29. Rxe2 Bxe2 30. Bxd5+ Kh8 31. c4 Rgf6 32. Rc3 Re8 33. Nb2 g5 34. Be4 Rd6 35. Rc2 Bd1 36. Rf2 Red8 37. Bd5 Rxd5 38. cxd5 Rxd5 39. Nc4 b5 40. Rd2 Rxd2 41. Nxd2 Bc2 42. h4 h6 43. hxg5 hxg5 44. Ne4 Bxe4 45. fxe4 Kg7 46. e5 Kf7 47. Kf3 Ke6 48. Ke4 b4 49. Kd4 a6 50. Ke4 a5 51. Kd4 Kd7 52. Kd5 Ke7 53. e6 Ke8 54. Ke5 Ke7 55. Ke4 1-0

[Event "Turkey Cup 2019"]
[Site "Belek"]
[Date "2019.02.03"]
[Round "11.75"]
[White "Elalmis, Husamettin"]
[Black "Bogaakca, Mehmet"]
[Result "1-0"]
[WhiteElo "1754"]
[BlackElo "1671"]
[Annotator "NA"]
[PlyCount "111"]
[EventDate "2019.01.27"]
[EventType "swiss"]
[EventCountry "TUR"]
[SourceTitle "playchess.com"]
[Source "ChessBase"]
[SourceQuality "1"]

1. e4 d6 2. Nc3 g6 3. d4 Bg7 4. Be3 Nd7 5. Qd2 c6 6. O-O-O b5 7. Kb1 a5 8. f4 b4 9. Na4 Nb6 10. Nxb6 Qxb6 11. e5 d5 12. Bd3 Ba6 13. g4 a4 14. Ne2 e6 15. f5 Bxd3 16. cxd3 gxf5 17. gxf5 exf5 18. Rhg1 Bf8 19. Rdf1 Ne7 20. Bg5 h6 21. Bf6 Rg8 22. Bxe7 Rxg1 23. Rxg1 Kxe7 24. Qf4 Ke6 25. Ng3 a3 26. Qxf5+ Ke7 27. Qf6+ Ke8 28. e6 Ra7 29. Re1 fxe6 30. Qxe6+ Re7 31. Qc8+ Qd8 32. Qxc6+ Qd7 33. Qa8+ Qd8 34. Qxd8+ Kxd8 35. Rf1 Bg7 36. Rf5 Re3 37. Rxd5+ Kc7 38. bxa3 bxa3 39. Kc2 Rf3 40. Rf5 Rxf5 41. Nxf5 Bf8 42. Kb3 Kd7 43. d5 Ke8 44. d6 Kd7 45. Kxa3 Ke6 46. Ng3 Kxd6 47. Kb3 Ke5 48. Kc4 Kf4 49. d4 Kg4 50. a4 Kh3 51. a5 Kxh2 52. Nf5 h5 53. a6 h4 54. a7 h3 55. a8=Q Kg1 56. Qxf8 1-0

[Event "Turkey Cup 2019"]
[Site "Belek"]
[Date "2019.02.03"]
[Round "11.76"]
[White "Erdal, Kerem"]
[Black "Hatirli, Ugur Can"]
[Result "1-0"]
[WhiteElo "1509"]
[BlackElo "1713"]
[Annotator "NA"]
[PlyCount "109"]
[EventDate "2019.01.27"]
[EventType "swiss"]
[EventCountry "TUR"]
[SourceTitle "playchess.com"]
[Source "ChessBase"]
[SourceQuality "1"]

1. e4 e6 2. d4 d5 3. exd5 exd5 4. c4 Nf6 5. Nc3 dxc4 6. Bxc4 Bb4 7. Nf3 O-O 8. O-O Bg4 9. Be2 Nc6 10. Be3 Nd5 11. Qc2 Bxc3 12. bxc3 Qe7 13. Bg5 f6 14. Bc1 Kh8 15. Ng5 fxg5 16. Bxg4 Qf6 17. Ba3 Rfe8 18. Rae1 Nb6 19. Qf5 Nc4 20. Bc1 h6 21. Qxf6 gxf6 22. h3 Rad8 23. Bh5 Re7 24. Rxe7 Nxe7 25. Re1 Nd5 26. Bf7 Ncb6 27. Bd2 Kg7 28. Bxd5 Nxd5 29. c4 Nb6 30. Re7+ Kg6 31. Rxc7 Rd7 32. Rxd7 Nxd7 33. g4 Nb6 34. c5 Nc4 35. Bc3 Kf7 36. d5 b6 37. cxb6 Nxb6 38. Bd4 Nxd5 39. Bxa7 Ke6 40. Be3 Nc3 41. a3 f5 42. Kg2 Ke5 43. Bc1 Ne2 44. Bb2+ Kf4 45. a4 fxg4 46. a5 gxh3+ 47. Kh2 g4 48. a6 Kf3 49. a7 Kxf2 50. a8=Q g3+ 51. Kxh3 Nf4+ 52. Kg4 g2 53. Qf3+ Kg1 54. Bd4+ Kh1 55. Kxf4 1-0

[Event "Turkey Cup 2019"]
[Site "Belek"]
[Date "2019.02.03"]
[Round "11.77"]
[White "Ceylan, Sezer"]
[Black "Ozsayin, Elif"]
[Result "0-1"]
[WhiteElo "1689"]
[BlackElo "1613"]
[Annotator "NA"]
[PlyCount "39"]
[EventDate "2019.01.27"]
[EventType "swiss"]
[EventCountry "TUR"]
[SourceTitle "playchess.com"]
[Source "ChessBase"]
[SourceQuality "1"]

1. e4 e6 2. d4 d5 3. Nd2 dxe4 4. Nxe4 Bd7 5. Nf3 Bc6 6. Bd3 Nd7 7. O-O Ngf6 8. Re1 h6 9. Ng3 Be7 10. Ne5 Nd5 11. Nh5 Bf6 12. Nxc6 bxc6 13. c4 N5b6 14. Qg4 Qe7 15. c5 Nd5 16. Nxg7+ Bxg7 17. Qxg7 O-O-O 18. Ba6+ Kb8 19. Qg3 Ka8 20. Qxc7 0-1

[Event "Turkey Cup 2019"]
[Site "Belek"]
[Date "2019.02.03"]
[Round "11.78"]
[White "Nas, Muhammed Akif Bahad"]
[Black "Celik, Cem Akin"]
[Result "0-1"]
[WhiteElo "1660"]
[BlackElo "1637"]
[Annotator "NA"]
[PlyCount "144"]
[EventDate "2019.01.27"]
[EventType "swiss"]
[EventCountry "TUR"]
[SourceTitle "playchess.com"]
[Source "ChessBase"]
[SourceQuality "1"]

1. e4 e6 2. Nf3 c5 3. b3 a6 4. Bb2 Nc6 5. c3 d5 6. e5 d4 7. Bd3 Nge7 8. O-O Ng6 9. Re1 dxc3 10. dxc3 Qc7 11. c4 Be7 12. Nbd2 O-O 13. Rc1 Rd8 14. Bxg6 hxg6 15. Qe2 Nb4 16. Rc3 Nxa2 17. Rd3 Nb4 18. Rxd8+ Qxd8 19. Bc3 a5 20. Ne4 Bd7 21. Rd1 Qc7 22. Nd6 Bc6 23. Qe3 b6 24. Ng5 Bxg5 25. Qxg5 Qd8 26. Qf4 Qe7 27. Qg3 Rd8 28. Bd2 f6 29. Bf4 g5 30. Bc1 Nc2 31. Bb2 f5 32. Rd3 Be8 33. Rd2 Nb4 34. Qe3 Bg6 35. h3 Kh7 36. g4 f4 37. Qf3 Be8 38. Qd1 Bc6 39. f3 g6 40. Bc3 Na6 41. Rh2 Kg7 42. Be1 Nc7 43. h4 Ne8 44. hxg5 Nxd6 45. exd6 Rxd6 46. Bc3+ e5 47. Qe1 Re6 48. Qh4 Kf7 49. Qh8 Qf8 50. Rh7+ Ke8 51. Bxe5 Qxh8 52. Rxh8+ Kd7 53. Bxf4 Bxf3 54. Kf2 Bd1 55. Rg8 Bxb3 56. Rg7+ Ke8 57. Rb7 a4 58. Bc7 a3 59. Rb8+ Kd7 60. Rb7 Kc8 61. Ra7 a2 62. Bf4 Bxc4 63. Bc1 b5 64. Kf3 Kb8 65. Ra5 Kb7 66. Bb2 Kb6 67. Ra3 b4 68. Re3 Bd5+ 69. Kf2 c4 70. Rxe6+ Bxe6 71. Ke1 c3 72. Ba1 Bxg4 0-1

[Event "Turkey Cup 2019"]
[Site "Belek"]
[Date "2019.02.03"]
[Round "11.79"]
[White "Odabasi, Nail"]
[Black "Dinc, Melih"]
[Result "0-1"]
[WhiteElo "1525"]
[BlackElo "1729"]
[Annotator "NA"]
[PlyCount "122"]
[EventDate "2019.01.27"]
[EventType "swiss"]
[EventCountry "TUR"]
[SourceTitle "playchess.com"]
[Source "ChessBase"]
[SourceQuality "1"]

1. d4 Nf6 2. Bf4 c5 3. d5 d6 4. Nc3 g6 5. e4 Nh5 6. Be3 Bg7 7. Be2 Nf6 8. h4 h5 9. f3 Qa5 10. Qd2 Bd7 11. Nh3 a6 12. O-O b5 13. a3 Bxh3 14. gxh3 Nbd7 15. f4 Qc7 16. Kh1 b4 17. Nd1 Nxe4 18. Qe1 Qb7 19. Bf3 Nef6 20. Qd2 Nb6 21. axb4 Nc4 22. Qd3 Nxe3 23. Nxe3 Qxb4 24. Bg2 Qxb2 25. Rxa6 O-O 26. Rxa8 Rxa8 27. f5 Ra3 28. Qe2 Qe5 29. Re1 Ne4 30. Nf1 gxf5 31. Bxe4 Qxe4+ 32. Qxe4 fxe4 33. Rxe4 Rxh3+ 34. Kg2 Rc3 35. Ne3 Bf6 36. Kf3 Kf8 37. Ke2 Ra3 38. Nf5 Rh3 39. Ra4 Kg8 40. Ra8+ Kh7 41. Ra7 Rxh4 42. Nxh4 Bxh4 43. Kf3 Kg6 44. Ra4 Bg5 45. Re4 Kf5 46. c4 e6 47. dxe6 fxe6 48. Re1 d5 49. cxd5 exd5 50. Re8 c4 51. Rh8 c3 52. Rc8 Bf6 53. Ke3 h4 54. Rc5 Ke6 55. Rc6+ Kf7 56. Rc5 d4+ 57. Kd3 Kg6 58. Ra5 h3 59. Rb5 h2 60. Rb1 Kf5 61. Rf1+ Kg4 0-1

[Event "Turkey Cup 2019"]
[Site "Belek"]
[Date "2019.02.03"]
[Round "11.80"]
[White "Yildirim, Kemal"]
[Black "Baspinar, Mehmet"]
[Result "0-1"]
[WhiteElo "1669"]
[BlackElo "1558"]
[Annotator "NA"]
[PlyCount "86"]
[EventDate "2019.01.27"]
[EventType "swiss"]
[EventCountry "TUR"]
[SourceTitle "playchess.com"]
[Source "ChessBase"]
[SourceQuality "1"]

1. e4 e6 2. d4 b6 3. Bd3 Bb7 4. Nf3 c5 5. c3 Nf6 6. Qe2 Be7 7. O-O d5 8. e5 Nfd7 9. a3 a5 10. Bf4 c4 11. Bc2 a4 12. Nbd2 b5 13. h3 Nc6 14. Rae1 Qa5 15. Ng5 Nd8 16. Qg4 g6 17. h4 Nf8 18. Bg3 Bc8 19. f4 Bxa3 20. bxa3 Qxc3 21. Nde4 dxe4 22. Nxe4 Qxc2 23. Nf6+ Ke7 24. Qg5 Nc6 25. d5 Qf5 26. Bf2 Ra6 27. Bc5+ Kd8 28. Qh6 Nd7 29. Bd6 Nxf6 30. dxc6 Nd5 31. Qg7 Re8 32. Rd1 Rxc6 33. Rd4 Rxd6 34. exd6 Qf6 35. Qxf6+ Nxf6 36. Rb1 Bd7 37. Re1 Nd5 38. g3 Bc6 39. Kf2 Kd7 40. h5 Kxd6 41. hxg6 hxg6 42. Red1 Kc5 43. R4d2 Rh8 0-1

[Event "Turkey Cup 2019"]
[Site "Belek"]
[Date "2019.02.03"]
[Round "11.81"]
[White "Sabahi, Cem"]
[Black "Turkkan, Ece"]
[Result "1-0"]
[WhiteElo "1642"]
[BlackElo "1531"]
[Annotator "NA"]
[PlyCount "49"]
[EventDate "2019.01.27"]
[EventType "swiss"]
[EventCountry "TUR"]
[SourceTitle "playchess.com"]
[Source "ChessBase"]
[SourceQuality "1"]

1. e4 c5 2. Nf3 g6 3. d3 Bg7 4. g3 Nc6 5. Bg2 d6 6. O-O Nf6 7. Re1 e5 8. c3 O-O 9. Nbd2 a6 10. Nf1 b5 11. h3 h6 12. Be3 Bb7 13. g4 Nd7 14. Ng3 Ne7 15. Kh2 Kh7 16. Rg1 Rb8 17. Qc2 Qa5 18. Bd2 Qb6 19. Raf1 b4 20. Nh4 Nc6 21. Qc1 Qa5 22. Nhf5 Qc7 23. Bxh6 Ne7 24. Bxg7 Nxf5 25. Nxf5 1-0